00856cam a2200229 a 450000100100000000500170001000800410002704000300006808200180009810000330011624500870014926000490023630000270028549000390031265000300035165000320038165100260041391000340043904900090047395201290048299900150061100000125420200929145524.0801007s1979 cu a 000 p eng d aDO-SdBNPcDLCdDLCdBNPHU aP861.42bS1671 aSalkey, Andrew,d1923-9425910aIn the hills where her dreams live :bpoems for Chile, 1973-1978 /cAndrew Salkey. aHabana, Cuba :bCasa de las Americas,c1979. a46 p. :bil. ;c21 cm.0 aPremio Casa de las Americas poetry 4aPoesía panameña94260 4aLiteratura panameña94261 4aChilexPoesía94262 aCatalogación por copia / LC aBNGR 001052758DSaBNPHUbBNPHUcHDd2009-09-04iLF1l0oP861.42 S167p1254-10r2020-06-25w2020-06-25yLF1ZPréstamo interno c1197d1197